[Event "BCF-chT4S 1819 (4NCL)"]
[Site "England"]
[Date "2019.01.12"]
[Round "3.116"]
[White "Kilcline, Jenny"]
[Black "Seifert, Jacob"]
[Result "0-1"]
[WhiteElo "1515"]
[BlackElo "1786"]
[PlyCount "106"]
[EventDate "2018.11.17"]
[EventType "team-swiss"]
[EventRounds "11"]
[EventCountry "ENG"]
[SourceTitle "EXT 2021"]
[Source "ChessBase"]
[SourceDate "2020.10.23"]
[SourceVersion "1"]
[SourceVersionDate "2020.10.23"]
[SourceQuality "1"]
[WhiteTeam "Rook & Roll"]
[BlackTeam "Oxford III"]
[WhiteTeamCountry "ENG"]
[BlackTeamCountry "ENG"]

1. e4 c5 2. Nc3 d6 3. f4 e6 4. Bc4 Nc6 5. Nf3 Nf6 6. d3 d5 7. Bb5 a6 8. Bxc6+ bxc6 9. 0-0 Be7 10. Qe1 0-0 11. Qg3 Re8 12. e5 Nd7 13. Qh3 Nf8 14. Qh5 f5 15. g4 Ng6 16. h4 Bxh4 17. g5 Bxg5 18. Nxg5 Nf8 19. Rf2 Re7 20. Nxh7 Nxh7 21. Rh2 Nf8 22. Qh8+ Kf7 23. Rh7 Ke8 24. Qxf8+ Kxf8 25. Rh8+ Kf7 26. Rxd8 Bb7 27. Rxa8 Bxa8 28. b3 Re8 29. Ba3 c4 30. Na4 cxd3 31. cxd3 c5 32. Nb6 Bc6 33. Bxc5 d4 34. Bxd4 Rd8 35. Be3 Rxd3 36. Kf2 g5 37. fxg5 f4 38. g6+ Kxg6 39. Rg1+ Kf5 40. Ke2 Rxe3+ 41. Kd2 Rxe5 42. Rg8 f3 43. Nc4 Re2+ 44. Kd3 Be4+ 45. Kc3 Kf4 46. Nd2 f2 47. a4 Rxd2 48. Kxd2 f1Q 49. Rd8 Qf3 50. Kc1 Qxb3 51. Rc8 Ke3 52. Rc3+ Qxc3+ 53. Kd1 Qd2# 0-1